<?xml version="1.0" encoding="UTF-8"?>
<marc:record xmlns:marc="http://www.loc.gov/MARC21/slim">
   <marc:leader>00000nam a2200000 a 4500</marc:leader>
   <marc:datafield ind1="1" ind2=" " tag="100">
      <marc:subfield code="a">Wacek, Gerda</marc:subfield>
   </marc:datafield>
   <marc:datafield ind1=" " ind2=" " tag="653">
      <marc:subfield code="a">Sagen</marc:subfield>
   </marc:datafield>
   <marc:datafield ind1=" " ind2=" " tag="653">
      <marc:subfield code="a">Österreichische Sagen</marc:subfield>
   </marc:datafield>
   <marc:datafield ind1=" " ind2=" " tag="653">
      <marc:subfield code="a">Sagen aus Österreich</marc:subfield>
   </marc:datafield>
   <marc:datafield ind1="0" ind2="0" tag="245">
      <marc:subfield code="a">Die bunte Sagenwelt aus Österreich</marc:subfield>
   </marc:datafield>
   <marc:datafield ind1="0" ind2="0" tag="245">
      <marc:subfield code="b">Band 2</marc:subfield>
   </marc:datafield>
   <marc:datafield ind1="0" ind2="0" tag="245">
      <marc:subfield code="c">Gerda Wacek</marc:subfield>
   </marc:datafield>
   <marc:datafield ind1=" " ind2="1" tag="264">
      <marc:subfield code="a">Mauerbach bei Wien</marc:subfield>
      <marc:subfield code="b">Agens &amp; Ketterl</marc:subfield>
      <marc:subfield code="c">2008</marc:subfield>
   </marc:datafield>
   <marc:datafield ind1="1" ind2=" " tag="520">
      <marc:subfield code="a">Der zweite Band der Serie "Die bunte Sagenwelt aus Österreich" beinhaltet Sagen und Erzählungen aus allen neun Bundesländern, liebevoll erzählt von Gerda Wacek und Illustriert von Claudia Weiß und Elisabeth Bernauer. Dieses Buch ist für alle - Groß und Klein - ein Erlebnis! Als ich die Sagen unserer Heimat schrieb, war es mir wohl bewusst, dass sie nur ein Bruchteil sind von dem, was das Land Österreich noch an Interessanten und Schönen aus der Sagenwelt verborgen hat. Würde man Sich die Zeit nehmen und den Erzählungen der älteren Menschen zuhören, unsagbare Schätze würde der Suchende finden. In der Hast, die uns die heutige Gesellschaft aufbürdet, bleibt wenig Zeit für das erhabene Kulturgut dieses schönen und geschichtsträchtigen Landes. Verschließen wir nicht die Augen und Ohren, sonder versuchen wir einzutauchen in unsere ureigenste Welt der Sagen. Ein Land ist unsagbar arm, wenn es keine Geschichte, aus der die Sagen entspringen, sein eigen nennen kann. Wir sollten es behüten, denn wenn es einmal verloren ist, kann es niemand mehr zurückholen. Gerda Wacek</marc:subfield>
   </marc:datafield>
   <marc:datafield ind1=" " ind2=" " tag="020">
      <marc:subfield code="a">9783200011441</marc:subfield>
      <marc:subfield code="9">9783200011441</marc:subfield>
   </marc:datafield>
   <marc:datafield ind1=" " ind2=" " tag="041">
      <marc:subfield code="a">ger</marc:subfield>
   </marc:datafield>
   <marc:datafield ind1=" " ind2=" " tag="300">
      <marc:subfield code="b">Illustriert von Claudia Weiss und Eliabeth Bernauer.</marc:subfield>
   </marc:datafield>
   <marc:datafield ind1="0" ind2=" " tag="490">
      <marc:subfield code="v">2</marc:subfield>
   </marc:datafield>
   <marc:datafield ind1="1" ind2=" " tag="521">
      <marc:subfield code="a">0</marc:subfield>
   </marc:datafield>
   <marc:datafield ind1=" " ind2=" " tag="300">
      <marc:subfield code="a">320 S.</marc:subfield>
   </marc:datafield>
</marc:record>
